• 首页
  • 本馆介绍
  • 公告通知
  • 最新文献
  • 馆藏检索
  • 电子资源
  • 读者导购
  • 参考咨询
  • 我的图书馆
  • 登录
  • 详细信息显示
  • 放入我的书架
  • 预约/预借图书
  • 作者相关作品
  • 分类相关作品
  • 丛书相关作品
  • 出版社相关作品

书目信息

  • 表格格式
  • 工作单格式
  • 卡片格式
题名:
汤显祖与《牡丹亭》
    
 
作者: 李秀萍, 编著
分册:  
出版信息: 长春   吉林文史出版社  2018重印
页数: 120页
开本: 23cm
丛书名: 中国文化知识读本
单 册:
中图分类: K825.6=48 , I207.37
科图分类:
主题词: 剧作家--Ju Zuo Jia--人物研究--中国--明代 , 古代戏曲--Gu Dai Xi Qu--文学研究--中国--明代
电子资源:
ISBN: 978-7-5463-1533-1
000 01130nam 2200313 45
001 012001009691
005 20140103113930.0
010    @a978-7-5463-1533-1@dCNY34.80
099    @aCAL 012010197073
100    @a20100804d2010 em y0chiy50 ea
101 0  @achi
102    @aCN@b220000
105    @aafh z 000yd
106    @ar
200 1  @a汤显祖与《牡丹亭》@ATang Xian Zu Yu 《mu Dan Ting 》@f编著李秀萍
210    @a长春@c吉林文史出版社@d2018重印
215    @a120页@c图, 摹真@d23cm
225 2  @a中国文化知识读本@AZhong Guo Wen Hua Zhi Shi Du Ben
330    @a本书是对汤显祖和《牡丹亭》的研究,包括两个部分:汤显祖——“东方的莎士比亚”;《牡丹亭》——爱欲与文明的冲突,真情与世俗的羁绊。
410  0 @12001@a中国文化知识读本
600  0 @a汤显祖,@ATang Xian Zu@f1550-1616@x人物研究
604    @150010@a牡丹亭@x文学研究
606 0  @a剧作家@AJu Zuo Jia@x人物研究@y中国@z明代
606 0  @a古代戏曲@AGu Dai Xi Qu@x文学研究@y中国@z明代
690    @aK825.6=48@v4
690    @aI207.37@v4
701  0 @a李秀萍,@ALi Xiu Ping@f1975-@4编著
801  2 @aCN@b上海新华@c20191020
905    @b1189146-9@dK825.6=48@e1311@f4
    
    汤显祖与《牡丹亭》/编著李秀萍.-长春:吉林文史出版社,2018重印
    120页:图, 摹真;23cm.-(中国文化知识读本)
    
    
    ISBN 978-7-5463-1533-1:CNY34.80
    本书是对汤显祖和《牡丹亭》的研究,包括两个部分:汤显祖——“东方的莎士比亚”;《牡丹亭》——爱欲与文明的冲突,真情与世俗的羁绊。
●
相关链接 在E读中查询图书 在五车中查询图书 在当当中查询图书 在豆瓣中查询图书


正题名:汤显祖与《牡丹亭》     索取号:K825.6=48/1311         预约/预借

序号 登录号 条形码 馆藏地/架位号 状态 备注
1 1189146   211891461   第二样本阅览室/ [索取号:K825.6=48/1311] 在馆    
2 1189147   211891470   第二借阅区/ [索取号:K825.6=48/1311] 在馆    
3 1189148   211891489   第二借阅区/ [索取号:K825.6=48/1311] 在馆    
4 1189149   211891498   第二借阅区/ [索取号:K825.6=48/1311] 在馆    
唐山师范学院图书馆 欢迎您!
大连网信软件有限公司© 版权所有